[Event "Porto Sant Elpidio op-B 16th"]
[Site "Porto Sant Elpidio"]
[Date "2013.11.23"]
[Round "4"]
[White "Orfini, Nicolo"]
[Black "Borzi, Rosario"]
[Result "0-1"]
[WhiteElo "1614"]
[BlackElo "1665"]
[PlyCount "124"]
[EventDate "2013.11.16"]
[EventType "swiss"]
[EventRounds "6"]
[EventCountry "ITA"]
[SourceTitle "EXT 2015"]
[Source "ChessBase"]
[SourceDate "2014.11.20"]
[SourceVersion "1"]
[SourceVersionDate "2014.11.20"]
[SourceQuality "1"]

1. e4 c6 2. d4 d5 3. exd5 cxd5 4. Bd3 Nc6 5. c3 Nf6 6. Bf4 Bg4 7. Nf3 e6 8. Nbd2 Be7 9. 0-0 0-0 10. Re1 Rc8 11. h3 Bh5 12. Rc1 Re8 13. a4 Bd6 14. Bxd6 Qxd6 15. Nb3 e5 16. Be2 e4 17. Nh2 Bg6 18. Nf1 Nd7 19. g4 f5 20. gxf5 Bxf5 21. Bg4 Qg6 22. Ne3 Ne7 23. Kf1 Rf8 24. Rc2 Nf6 25. Nc5 Bxg4 26. Nxg4 Nxg4 27. hxg4 Rf3 28. Re3 Qxg4 29. Rxf3 exf3 30. Nd3 Nc6 31. Ne5 Qg2+ 32. Ke1 Qg1+ 33. Kd2 Qxf2+ 34. Kc1 Qe3+ 35. Kb1 Nxe5 36. dxe5 Qxe5 37. Qxf3 Qe4 38. Qh3 Rf8 39. b3 Qf5 40. Qe3 a6 41. Kb2 h6 42. Rg2 Kh7 43. Qe7 Rf7 44. Qe3 Qf3 45. Qd2 g5 46. Rh2 Kg6 47. Qd4 Qf4 48. Qd3+ Qf5 49. Qd2 h5 50. Qd1 g4 51. Rd2 Rd7 52. c4 d4 53. Rd3 Kg5 54. Qd2+ Qf4 55. Qg2 h4 56. Ka2 a5 57. Kb2 g3 58. Qh3 Re7 59. Qg2 Qf2+ 60. Qxf2 gxf2 61. Rf3 Re2+ 62. Ka3 h3 0-1